000 01155nam a2200313 a 4500
001 32333
003 BD-RjUL
005 20211209051822.0
008 140426t1957 ne 000 0 san d
035 _a(BD-RjUL)32422
040 _aMDY
_cMDY
_dm.c.
_dm/c
_dBD-RjUL
_beng
041 0 _asan
_beng
082 0 4 _a294.3
_bCIK 1957
090 _aBQ7400
_b.S2
245 1 0 _aÇikshāsamuccaya :
_ba compendium of Buddhistic teaching /
_ccompiled by Çāntideva chiefly from earlier Mahāyāna-sūtras ; edited by Cecil Bendall
260 _a's-Gravenhage :
_bMouton,
_c1957.
300 _axlvii, 419 p. :
_bill. ;
_c25 cm
490 1 _aIndo-Iranian reprints ;
500 _a"Photomechanic reprint." Originally published by the Imperial Academy of Sciences, St. Petersburg, 1897-1902, as v.1 of the Bibliotheca buddhica
500 _aText in Sanskrit, notes in English
504 _aBibliographical reference.
650 0 _aMahayana Buddhism
_998363
830 0 _v1
_999095
700 1 _aŚāntideva
_994992
700 1 _aBendall, Cecil,
_d1856-1906.
_998365
830 0 _aIndo-Iranian reprints ;
_999096
942 _2ddc
_cBK
999 _c32333
_d32333